000
00322nam a2200121Ia 4500
008
220204s9999 xx 000 0 und d
082
_a
58/581
_b
SCA;1
100
_a
SCAGEL, Robert F
245
0
_a
Plant diversity: An evolutionary approach.
260
_a
Belmont
_b
Wadsworth
_c
1969
650
_a
Plant evolution
942
_c
BK
999
_c
31959
_d
31959